000 00357nam a2200133Ia 4500
008 240624s9999 xx 000 0 und d
041 _aeng
082 _a658.3 BEC
100 _aBECKER BRIAN E
245 _aHR SCORECARD LINKING PEOPLE STRATEGY AND
260 _c2001
_aBoston
_bHarvard Business School Press
300 _a234 : p. : cm. ; 24
365 _cRS
999 _c21087
_d21087